|
|
|
|
| LEADER |
00000nam0a2200000 4500 |
| 001 |
306333 |
| 005 |
20231102001902.0 |
| 035 |
|
|
|a (RuTPU)RU\TPU\book\331610
|
| 035 |
|
|
|a RU\TPU\book\306753
|
| 035 |
|
|
|a RU\TPU\book\340480
|
| 090 |
|
|
|a 306333
|
| 100 |
|
|
|a 20150203d1982 k y0rusy50 ca
|
| 101 |
0 |
|
|a rus
|
| 102 |
|
|
|a RU
|
| 105 |
|
|
|a a z 001zy
|
| 200 |
1 |
|
|a Динамика систем. Оптимизация и адаптация
|e межвузовский сборник
|f Горьковский государственный университет им. Н. И. Лобачевского (ГГУ) ; отв. ред. Ю. И. Неймарк
|
| 210 |
|
|
|a Горький
|c Изд-во ГГУ
|d 1982
|
| 215 |
|
|
|a 211 с.
|c ил.
|
| 320 |
|
|
|a Библиография в конце статей
|
| 606 |
1 |
|
|a Динамические системы
|x Автоматика
|2 stltpush
|3 (RuTPU)RU\TPU\subj\39072
|9 59288
|
| 610 |
1 |
|
|a динамика
|
| 610 |
1 |
|
|a неограниченные возмущения
|
| 610 |
1 |
|
|a градиентная идентификация
|
| 610 |
1 |
|
|a стохастические функции Ляпунова
|
| 610 |
1 |
|
|a адаптивная настройка
|
| 610 |
1 |
|
|a сходимость
|
| 610 |
1 |
|
|a стохастические системы
|
| 610 |
1 |
|
|a метод усреднения
|
| 610 |
1 |
|
|a динамические объекты
|
| 610 |
1 |
|
|a параметры
|
| 610 |
1 |
|
|a оценивание
|
| 675 |
|
|
|a 681.51.033
|v 3
|
| 702 |
|
1 |
|a Неймарк
|b Ю. И.
|4 340
|
| 712 |
0 |
2 |
|a Горьковский государственный университет им. Н. И. Лобачевского (ГГУ)
|2 stltpush
|3 (RuTPU)RU\TPU\col\2603
|
| 801 |
|
1 |
|a RU
|b 63413507
|c 20151006
|
| 801 |
|
2 |
|a RU
|b 63413507
|c 20171019
|g RCR
|
| 942 |
|
|
|c BK
|